000 00433nam a2200145Ia 4500
008 100122s9999 xx 000 0 und d
082 _b42354
_a822.09
100 _aदेशमुख अनंत
245 _aनाट्यविचार
260 _bनीहारा प्रकाशन
_c1988
300 _a184
630 _aनाट्यविचार
730 _aनाट्यविचार
942 _cBOOK
999 _c422775
_d422772